| 000 | 00925nas a2200277 4500 | ||
|---|---|---|---|
| 001 | BR2011005336 | ||
| 003 | BR-BrBNA | ||
| 005 | 20231205115610.0 | ||
| 007 | ta | ||
| 008 | 230509b bl.|||p| |||| 00| 00por d | ||
| 040 |
_aBR-BrBNA _bpor _cBiblioteca Nacional de Agricultura |
||
| 041 | _a(Pt) | ||
| 072 | _aF70 | ||
| 100 | 1 | _aCampelo, M.J. de A. | |
| 100 | 1 | _aPôrto, K.C. | |
| 245 | 1 | _aBrioflora epífita e epífila da RPPN Frei Caneca, Jaqueira, PE, Brasil | |
| 246 | 1 | _aA checklist of epiphyllous and epiphytic bryophytes from Frei Caneca RPPN, Jaqueira, Pernambuco State, Northeastern Brazil | |
| 650 | _aCOMPOSIÇÃO BOTANICA | ||
| 650 | _aFLORA | ||
| 650 | _aBRIÓFITA | ||
| 650 | _aMUSGO | ||
| 650 | _aLEVANTAMENTO | ||
| 773 | 0 |
_tActa Botanica Brasilica (Brazil) _xISSN 0102-3305 _g(Jan-Mar 2007), v. 21(1) p. 185-192 _wBR2011005336 |
|
| 909 |
_a202311 _bLúcia _c55 _dLúcia Elande |
||
| 942 |
_2AGRIS _n0 _cANA |
||
| 999 |
_c214709 _d214709 |
||